Catálogo público

Memoria del evento : (Record no. 186484)

MARC details
000 -CABECERA
campo de control de longitud fija 04434nam a2200373 a 4500
003 - IDENTIFICADOR DEL NÚMERO DE CONTROL
campo de control CHAP
005 - FECHA Y HORA DE LA ÚLTIMA TRANSACCIÓN
campo de control 20250804125727.0
007 - CAMPO FIJO DE DESCRIPCIÓN FÍSICA--INFORMACIÓN GENERAL
campo de control de longitud fija ta
008 - DATOS DE LONGITUD FIJA--INFORMACIÓN GENERAL
campo de control de longitud fija 220117s2022xx mx ado fr 000 0 1n0 spa d
040 ## - FUENTE DE LA CATALOGACIÓN
Centro catalogador/agencia de origen mxchpua
Centro/agencia transcriptor CHAP
Normas de descripción rda
041 ## - CÓDIGO DE LENGUA
Código de lengua del texto/banda sonora o título independiente spa
Código de lengua del sumario o resumen spa
Código de lengua de la tabla de contenido spa
Código de lengua original spa
050 0# - SIGNATURA TOPOGRÁFICA DE LA BIBLIOTECA DEL CONGRESO
Número de clasificación TP370
Número de documento/Ítem .M46 2022
082 ## - NÚMERO DE LA CLASIFICACIÓN DECIMAL DEWEY
Número de edición 20
Número de clasificación C 338.1
Número de documento/Ítem M46 2022
245 10 - MENCIÓN DE TÍTULO
Título Memoria del evento :
Resto del título Rumbo a la actualización del Plan de Estudios de Ingeniería Agroindustrial /
Mención de responsabilidad, etc. compiladores Abraham Villegas de Gante, Víctor Rivera Salvador y Nancy Toriz Robles
250 ## - MENCIÓN DE EDICIÓN
Mención de edición 1a edición
264 ## - PRODUCCIÓN, PUBLICACIÓN, DISTRIBUCIÓN, FABRICACIÓN Y COPYRIGHT
Producción, publicación, distribución, fabricación y copyright Chapingo, México :
Nombre del de productor, editor, distribuidor, fabricante UACh. Departamento de Ingeniería Agroindustrial,
Fecha de producción, publicación, distribución, fabricación o copyright 2022
300 ## - DESCRIPCIÓN FÍSICA
Extensión 146 páginas :
Otras características físicas ilustraciones, gráficas, diagramas, tablas y fotos
336 ## - TIPO DE CONTENIDO
Fuente rdacontent
Término de tipo de contenido texto
Código de tipo de contenido txt
337 ## - TIPO DE MEDIO
Fuente rdamedia
Nombre/término del tipo de medio no mediado
Código del tipo de medio n
338 ## - TIPO DE SOPORTE
Fuente rdacarrier
Nombre/término del tipo de soporte volumen
Código del tipo de soporte nc
504 ## - NOTA DE BIBLIOGRAFÍA, ETC.
Nota de bibliografía, etc. Incluye bibliografías
505 0# - NOTA DE CONTENIDO CON FORMATO
Nota de contenido con formato Programa de trabajo --<br/>1. Conferencias magistrales --<br/>2. Presentación de artículos especializados --<br/>3. Cierre del evento<br/>Epílogo<br/>Anexos
520 2# - SUMARIO, ETC.
Sumario, etc. Ante la urgente necesidad de revisar y actualizar el Agroindustrial para reemplazar Currículo del Departamento al curriculo vigente del Programa de la formación de los estudiantes desde hace 1999, se consideró de Ingenieria Carrera que ha guiado la pertinente y urgente, realizar un evento colectivo, con intensa participación de los Profesores del DIA, principalmente de los que integran la Comisión Curricular, para retomar el trabajo colegiado que se realiza desde hace más de una década, con un nuevo diseño curricular el cual integra innovaciones y avances en su estructuración (más de un 30%), con respecto al Plan de Estudios actual. De esta manera, durante la semana de actualización del personal académico, previa al in. de un nuevo semestre lectivo, se organizó el evento "RUMBO A LA ACTUALIZACIÓN DEL PLAN DE ESTUDIOS DE LA CARRERA DE INGENIERÍA AGROINDUSTRIAL", en el período del 26 al 20 de julio del 2022. Su contenido comprendió tres partes principales: <br/>1) Una conferencia magistral (videograbada) de un Asesor de la Secretaria de Educación Pública (SEP) (el Dr. Angel Diaz Barriga) quien expuso los retos del magisterio de educación básica frente al Nuevo Currículo de la Escuela Mexicana en 2022. La rica información vertida en esta Conferencia es muy relevante, pues el modelo curricular nacional sin duda influirá, por su concepción y operación, en otros niveles de la educación nacional, como en la educación media y superior (incluidas las Universidades; la de Chapingo, entre ellas). <br/>2) Cinco conferencias magistrales impartidas por expertos externos: una sobre perspectivas curriculares en Educación Superior frente a la formación profesional actual (por la Dra. Gabriela de la Cruz F., de la UNAM): otra sobre los retos de la Educación Superior (de la Dra. Frida Díaz Barriga, de la UNAM) y la tercera, que Compara el enfoque de competencias y objetivos (sostenida por la Mtra. Abigal Valderrama S., de la UPN/BUAP), Las otras dos presentaciones las sustento el Daniel Vega M. (una sobre Evaluación del Currículo de la Carrera de Ingeniería Agroindustrial de la UACh, y la otra sobre el proceso de Acreditación del Din Curriculo). <br/>3) Con base en una serie de articulos especializados en el tema educativo, particularmente sobre el significado de currículo, el enfoque basado en competencias (EBC), el diseño y estructuración curricular, la evaluación de la educación superior en México, y nuevoS enfoques curriculares, se seleccionaron 13 artículos, que fueron expuestos (como una presentación concisa) por 11 profesores del Programa de Ingeniería Agroindustrial.
650 13 - PUNTO DE ACCESO ADICIONAL DE MATERIA--TÉRMINO DE MATERIA
Término de materia o nombre geográfico como elemento de entrada Educación superior
Subdivisión general Planes de estudio
Fuente del encabezamiento o término atg
9 (RLIN) 35650
Subdivisión geográfica México
-- Chapingo
650 13 - PUNTO DE ACCESO ADICIONAL DE MATERIA--TÉRMINO DE MATERIA
Término de materia o nombre geográfico como elemento de entrada Universidades agrícolas
Subdivisión general Planes de estudio
Subdivisión geográfica México
-- Chapingo
Fuente del encabezamiento o término atg
9 (RLIN) 160796
650 13 - PUNTO DE ACCESO ADICIONAL DE MATERIA--TÉRMINO DE MATERIA
Término de materia o nombre geográfico como elemento de entrada Programas universitarios
Subdivisión general Ingeniería Agroindustrial
Fuente del encabezamiento o término atg
9 (RLIN) 156468
650 13 - PUNTO DE ACCESO ADICIONAL DE MATERIA--TÉRMINO DE MATERIA
Término de materia o nombre geográfico como elemento de entrada Higher education
Subdivisión general Curriculum
Fuente del encabezamiento o término atg
9 (RLIN) 157820
Subdivisión geográfica Mexico
-- Chapingo
650 13 - PUNTO DE ACCESO ADICIONAL DE MATERIA--TÉRMINO DE MATERIA
Término de materia o nombre geográfico como elemento de entrada Agricultural universities
Subdivisión general Curriculum
Fuente del encabezamiento o término atg
9 (RLIN) 190817
Subdivisión geográfica Mexico
-- Chapingo
650 13 - PUNTO DE ACCESO ADICIONAL DE MATERIA--TÉRMINO DE MATERIA
Término de materia o nombre geográfico como elemento de entrada University programs
Subdivisión general Agroindustrial engineering
Fuente del encabezamiento o término atg
9 (RLIN) 156469
700 1# - PUNTO DE ACCESO ADICIONAL--NOMBRE DE PERSONA
Nombre de persona Villegas de Gante, Abraham Zacarias
9 (RLIN) 185141
Término indicativo de función/relación compilador
700 1# - PUNTO DE ACCESO ADICIONAL--NOMBRE DE PERSONA
Nombre de persona Rivera Salvador, Víctor
9 (RLIN) 152488
Término indicativo de función/relación compilador
700 1# - PUNTO DE ACCESO ADICIONAL--NOMBRE DE PERSONA
Nombre de persona Toriz Robles, Nancy
9 (RLIN) 113948
Término indicativo de función/relación compiladora
942 ## - ELEMENTOS DE PUNTO DE ACCESO ADICIONAL (KOHA)
Tipo de ítem Koha Libro
Fuente del sistema de clasificación o colocación Dewey Decimal Classification
Holdings
Estado de retiro Estado de pérdida Fuente del sistema de clasificación o colocación Estado dañado Restricciones de uso No para préstamo Código de colección Localización permanente Ubicación/localización actual Fecha de adquisición Fuente de adquisición Número de inventario Total de préstamos Signatura topográfica completa Código de barras Fecha visto por última vez Número de copia Precio válido a partir de Tipo de ítem Koha
    Dewey Decimal Classification   Préstamo interno   Consulta Ingenieria Agroindustrial Ingenieria Agroindustrial 29/07/2025 Donación Donación   C 338.1 M46 2022 1103015699 04/08/2025 Ej. 1 04/08/2025 Libro
    Dewey Decimal Classification   Préstamo interno   Consulta Ingenieria Agroindustrial Ingenieria Agroindustrial 29/07/2025 Donación Donación   C 338.1 M46 2022 1103015700 04/08/2025 Ej. 2 04/08/2025 CD